[Event "Titled Tue 26th Aug Late"]
[Site "chess.com INT"]
[Date "2025.08.26"]
[Round "7"]
[White "Aalto, Patrik"]
[Black "Joel Paul Ganta"]
[Result "1/2-1/2"]
[WhiteTitle "FM"]
[BlackTitle "CM"]
[WhiteElo "2335"]
[BlackElo "2067"]
[WhiteFideId "510726"]
[BlackFideId "35066145"]
[EventDate "2025.08.26"]

1. c4 Nf6 2. g3 e6 3. Bg2 d5 4. Nf3 Be7 5. O-O O-O 6. b3 c5 7. cxd5 Nxd5 8. Bb2
Bf6 9. d4 Nc6 10. e4 Ndb4 11. e5 Be7 12. a3 Nd5 13. dxc5 Bxc5 14. b4 Be7 15. Nc3
Nxc3 16. Bxc3 b6 17. Nd4 Nxd4 18. Bxa8 Ba6 19. Re1 Ne2+ 20. Rxe2 Bxe2 21. Qxd8
Rxd8 22. Be4 Rc8 23. Rc1 Kf8 24. f4 h6 25. Kf2 Bb5 26. h4 g5 27. hxg5 hxg5 28.
Bd2 Rxc1 29. Bxc1 gxf4 30. gxf4 Bh4+ 31. Ke3 Ke7 32. Bc2 f6 33. Kd4 fxe5+ 34.
fxe5 Bf2+ 35. Be3 Bg3 36. a4 Bc6 37. b5 Bb7 38. Bg6 Bd5 39. Be4 Bb3 40. a5 bxa5
41. Kc3 a4 42. Bxa7 Bxe5+ 43. Kb4 Bd6+ 44. Kc3 Be5+ 45. Kb4 Bd6+ 46. Ka5 e5 47.
Be3 a3 48. Bd2 a2 49. Bc3 Bc4 50. b6 Kd7 51. b7 Kc7 52. Ka4 Kb8 53. Ka5 Ka7 54.
Ka4 Kb8 55. Ka5 Ka7 56. Ka4 Kb8 1/2-1/2

[Event "Titled Tue 26th Aug Late"]
[Site "chess.com INT"]
[Date "2025.08.26"]
[Round "7"]
[White "Reprintsev, Alexander"]
[Black "Goncharov, Vladimir"]
[Result "1/2-1/2"]
[WhiteTitle "IM"]
[WhiteElo "2256"]
[BlackElo "2077"]
[WhiteFideId "14100541"]
[BlackFideId "34162256"]
[EventDate "2025.08.26"]

1. e4 e6 2. Nf3 d5 3. e5 c5 4. b4 cxb4 5. a3 b3 6. cxb3 Nc6 7. d4 Nge7 8. h4 h6
9. h5 Qb6 10. Nc3 Bd7 11. Na4 Qc7 12. Bd3 Nf5 13. Bxf5 exf5 14. Be3 Be6 15. Qd3
Be7 16. Nh4 Qd7 17. f4 b5 18. Nc5 Bxc5 19. dxc5 d4 20. Bf2 Qd5 21. O-O Qxb3 22.
Qxb3 Bxb3 23. Nxf5 O-O 24. Nd6 a6 25. Rab1 Bc2 26. Rb2 d3 27. Be3 Na5 28. Rf2
Nc4 29. Nxc4 bxc4 30. Rbxc2 dxc2 31. Rxc2 Rfd8 32. Rxc4 Rd3 33. Kf2 Rxa3 34. c6
Rc8 35. c7 Rb3 36. Bd2 Kf8 37. g4 Ke8 38. g5 hxg5 39. fxg5 Kd7 40. h6 gxh6 41.
gxh6 Rxc7 42. Rh4 Rb8 43. h7 Rcc8 44. Bg5 Ke6 45. Bf6 Rh8 46. Rh6 Kf5 47. Ke3 a5
48. Kd4 Rbd8+ 49. Bxd8 Rxd8+ 50. Kc5 Rh8 51. Kd6 Kg5 52. Rh3 a4 53. Ke7 a3 54.
Kxf7 a2 55. Ra3 Rxh7+ 56. Kf8 Kf5 57. Rxa2 Kxe5 58. Kg8 Rd7 59. Re2+ Kf4 60.
Rf2+ Ke3 61. Rf7 Rxf7 62. Kxf7 1/2-1/2

[Event "Titled Tue 26th Aug Late"]
[Site "chess.com INT"]
[Date "2025.08.26"]
[Round "7"]
[White "Sroczynski, Maciej"]
[Black "Kurpiewski, Slawomir"]
[Result "1-0"]
[WhiteTitle "FM"]
[BlackTitle "CM"]
[WhiteElo "2236"]
[BlackElo "1973"]
[WhiteFideId "1121472"]
[BlackFideId "1114530"]
[EventDate "2025.08.26"]

1. Nf3 f5 2. d3 Nf6 3. e4 d6 4. Nc3 e5 5. Be2 c6 6. O-O g6 7. Re1 Bg7 8. Bg5 O-O
9. Qd2 Qe8 10. Bh6 Nbd7 11. Bxg7 Kxg7 12. Bf1 Nh5 13. d4 fxe4 14. Nxe4 d5 15.
Nd6 Qe7 16. Nxc8 Raxc8 17. Nxe5 Nxe5 18. Rxe5 Qf7 19. Rae1 Rce8 20. g3 Nf6 21.
Bg2 Ng4 22. Rxe8 Rxe8 23. h3 Nf6 24. Rxe8 Qxe8 25. Qe3 Qxe3 26. fxe3 g5 27. Kf2
h5 28. e4 dxe4 29. Ke3 Nd5+ 30. Kxe4 Kf6 31. c4 Ne7 32. Bf3 h4 33. gxh4 gxh4 34.
Bg4 b6 35. d5 cxd5+ 36. cxd5 Ng6 37. d6 Nh8 38. Kd5 Nf7 39. b4 Nd8 40. a4 Kg5
41. d7 Kf6 42. Kd6 Kf7 43. Kc7 Ke7 44. b5 Nf7 45. Kb8 Ne5 46. Bf5 Nxd7+ 47. Bxd7
Kxd7 48. Kxa7 Kc7 49. Ka6 Kb8 50. Kxb6 Ka8 51. a5 Kb8 52. a6 Ka8 53. Kc7 Ka7 54.
b6+ Ka8 55. b7+ Ka7 56. b8=Q+ Kxa6 57. Qb6# 1-0

[Event "Titled Tue 26th Aug Late"]
[Site "chess.com INT"]
[Date "2025.08.26"]
[Round "7"]
[White "Erigaisi, Arjun"]
[Black "Tang, Andrew"]
[Result "1-0"]
[WhiteTitle "GM"]
[BlackTitle "GM"]
[WhiteElo "2776"]
[BlackElo "2538"]
[WhiteFideId "35009192"]
[BlackFideId "2059630"]
[EventDate "2025.08.26"]

1. d4 d5 2. Nf3 Nf6 3. Bg5 e6 4. Nbd2 Nbd7 5. e3 Be7 6. Bd3 h6 7. Bh4 O-O 8. Ne5
Nxe5 9. dxe5 Nd7 10. Bg3 b6 11. O-O Nc5 12. Be2 Bb7 13. c3 a5 14. Qc2 a4 15.
Rad1 Qc8 16. f4 Ne4 17. Nxe4 dxe4 18. h4 Rd8 19. h5 Rxd1 20. Rxd1 Qe8 21. Bf2
Rd8 22. Rd4 b5 23. Rxd8 Bxd8 24. c4 b4 25. c5 Bd5 26. b3 axb3 27. axb3 Be7 28.
Be1 Qb8 29. Kh2 f6 30. exf6 Bxf6 31. Bc4 c6 32. Bxd5 exd5 33. Qe2 Qa7 34. Bxb4
Qb7 35. Qe1 Qb5 36. Bc3 Be7 37. b4 Qd3 38. Bd4 Bf8 39. Qg3 Qd1 40. Qg6 Qe2 41.
Qxc6 Qxh5+ 42. Kg3 Be7 43. Qe6+ Kf8 44. Bxg7+ Ke8 45. Qg4 Qh1 46. Qg6+ Kd7 47.
Qxh6 Qe1+ 48. Kh2 Qxe3 49. Qh3+ Qxh3+ 50. Kxh3 Kc6 51. f5 e3 52. Kg3 Kb5 53. f6
Bd8 54. f7 Be7 55. f8=Q 1-0

[Event "Titled Tue 26th Aug Late"]
[Site "chess.com INT"]
[Date "2025.08.26"]
[Round "7"]
[White "Mekhitarian, Krikor Sevag"]
[Black "Gavilan Diaz, Mario"]
[Result "1-0"]
[WhiteTitle "GM"]
[BlackTitle "FM"]
[WhiteElo "2549"]
[BlackElo "2195"]
[WhiteFideId "2107660"]
[BlackFideId "2260905"]
[EventDate "2025.08.26"]

1. Nf3 Nf6 2. c4 e6 3. Nc3 Bb4 4. g3 O-O 5. Bg2 d5 6. a3 Be7 7. d4 c5 8. cxd5
Nxd5 9. Nxd5 Qxd5 10. O-O Nc6 11. dxc5 Qxc5 12. b4 Qh5 13. Bb2 a6 14. e3 Rd8 15.
Qc2 e5 16. Nd2 Bh3 17. Ne4 Bxg2 18. Kxg2 Rac8 19. Qb3 Kh8 20. Rfd1 f5 21. Nc3 e4
22. Nd5 Qf3+ 23. Kg1 Bf8 24. Nf4 Bd6 25. Qf7 Be5 26. Rxd8+ Rxd8 27. Bxe5 Nxe5
28. Qxf5 Rd1+ 29. Rxd1 Qxd1+ 30. Kg2 Qf3+ 31. Kh3 h6 32. Qxe5 Qxf2 33. Qxe4 Qf1+
34. Kg4 Qd1+ 35. Kf5 Qd7+ 36. Qe6 Qb5+ 37. Nd5 Qd3+ 38. Qe4 Qxa3 39. Ke5 Qb3 40.
Qd4 Qc2 41. Nf4 Qg6 42. Kd5 Kh7 43. Kc4 Qf7+ 44. Kd3 Qf5+ 45. Qe4 g6 46. Qxf5
gxf5 47. Kd4 Kg7 48. Kd5 Kf6 49. Kd6 Kg5 50. h3 h5 51. Kc7 h4 52. gxh4+ Kxh4 53.
Kxb7 Kg3 54. Kxa6 Kf3 55. h4 Kxe3 56. Ne6 Ke4 57. h5 Ke5 58. Ng5 f4 59. h6 Kf6
60. Nf3 Kg6 61. b5 Kxh6 62. b6 Kh5 63. b7 Kg4 64. Nd4 Kg3 65. Ne2+ Kf3 66. Nxf4
Kxf4 67. b8=Q+ 1-0

[Event "Titled Tue 26th Aug Late"]
[Site "chess.com INT"]
[Date "2025.08.26"]
[Round "7"]
[White "Arslanov, Shamil"]
[Black "Gkavardinas, Antonios"]
[Result "1/2-1/2"]
[WhiteTitle "IM"]
[BlackTitle "FM"]
[WhiteElo "2410"]
[BlackElo "2297"]
[WhiteFideId "4192826"]
[BlackFideId "25883097"]
[EventDate "2025.08.26"]

1. d4 g6 2. Nc3 Bg7 3. Bf4 d6 4. e4 Nd7 5. Nf3 c6 6. Qd2 Ngf6 7. Bh6 Bxh6 8.
Qxh6 Qa5 9. Bd3 Qh5 10. Qd2 e5 11. O-O-O O-O 12. dxe5 Nxe5 13. Be2 Nxf3 14. Bxf3
Bg4 15. Qf4 Qe5 16. Qg3 Bxf3 17. gxf3 Nh5 18. Qg4 Rad8 19. Ne2 Qe6 20. Kb1 Qxg4
21. fxg4 Ng7 22. g5 Rfe8 23. Nc3 Ne6 24. h4 Nf4 25. Rhe1 Kg7 26. b3 Re6 27. f3
b5 28. a3 a5 29. b4 axb4 30. axb4 Rde8 31. Rg1 h5 32. Rd2 Rd8 33. Rgd1 Kf8 34.
Kb2 Ke7 35. Kb3 Rd7 36. Ra1 Rc7 37. Ra6 Kd7 38. Ra8 Re7 39. Rd1 Ne6 40. Rd2 Rb7
41. Ra6 Kc7 42. Rd1 Rd7 43. Rd2 Rd8 44. Ra5 Rd7 45. Ra1 Rd8 46. Rf1 Nf4 47. Ra1
Rd7 48. Ra6 Rb6 49. Ra8 Rb8 50. Ra5 Rb7 51. Rd1 Rb8 52. Rd2 Rb7 53. Nd1 Ne6 54.
Nc3 Nf4 1/2-1/2

[Event "Titled Tue 26th Aug Late"]
[Site "chess.com INT"]
[Date "2025.08.26"]
[Round "7"]
[White "Shandrygin, Nikita"]
[Black "Estrada Nieto, Julian"]
[Result "1/2-1/2"]
[WhiteTitle "FM"]
[BlackTitle "IM"]
[WhiteElo "2209"]
[BlackElo "2182"]
[WhiteFideId "24198668"]
[BlackFideId "5101018"]
[EventDate "2025.08.26"]

1. e4 e5 2. Nf3 Nc6 3. d4 exd4 4. c3 d5 5. exd5 Qxd5 6. cxd4 Bb4+ 7. Nc3 Bg4 8.
Be2 Bxf3 9. Bxf3 Qc4 10. Bxc6+ bxc6 11. Qe2+ Qxe2+ 12. Kxe2 Ne7 13. Be3 f6 14.
Rac1 Kf7 15. Kf3 Rab8 16. Na4 Bd6 17. b3 Rhd8 18. Rc4 h5 19. g3 g5 20. h3 Rg8
21. Nc3 f5 22. h4 g4+ 23. Kg2 Rge8 24. Bg5 Rb6 25. Na4 Rb4 26. Rhc1 Rxc4 27.
Rxc4 Ke6 28. Bxe7 Rxe7 29. Rxc6 Kd5 30. Rc4 Ke4 31. Nb2 Kd5 32. Na4 Ke4 33. Nc3+
Kd3 34. Kf1 f4 35. gxf4 Bxf4 36. Nd5 Rf7 37. Nxf4+ Rxf4 38. Rxc7 g3 39. Kg2 gxf2
40. Kf1 Ke3 41. d5 Rxh4 42. Re7+ Kd4 43. Kxf2 Kxd5 44. Rxa7 Kd4 45. Kg3 Rh1 46.
Rc7 Kd3 47. Rc4 Ra1 48. Ra4 Kc3 49. Kh4 Rh1+ 50. Kg5 Kb2 51. b4 h4 52. b5 h3 53.
Rh4 Kxa2 54. Kg4 h2 55. Kh5 Rb1 56. Rxh2+ Ka3 57. Rh3+ Ka4 58. Rh4+ Ka5 59. Rg4
Rxb5+ 60. Rg5 Rxg5+ 61. Kxg5 1/2-1/2

[Event "Titled Tue 26th Aug Late"]
[Site "chess.com INT"]
[Date "2025.08.26"]
[Round "7"]
[White "Pniaczek, Marek"]
[Black "Becking, Stephan"]
[Result "0-1"]
[WhiteTitle "FM"]
[BlackTitle "IM"]
[WhiteElo "2188"]
[BlackElo "2410"]
[WhiteFideId "21800421"]
[BlackFideId "4632478"]
[EventDate "2025.08.26"]

1. e4 e6 2. d4 d5 3. exd5 exd5 4. Bf4 Nc6 5. Nc3 Nf6 6. Nb5 Bb4+ 7. c3 Ba5 8.
Nf3 a6 9. Na3 Qe7+ 10. Be2 Bxc3+ 11. bxc3 Qxa3 12. O-O Qxc3 13. Bxc7 O-O 14. Ne5
Nxd4 15. Bd6 Re8 16. Bh5 g6 17. Rc1 Qb2 18. Rb1 Qc2 19. Qxd4 Nxh5 20. Rbc1 Qe4
21. Qxe4 dxe4 22. Rc7 Bf5 23. g4 Rxe5 24. Bxe5 Bxg4 25. Rxb7 Be6 26. Rfb1 f6 27.
Rb8+ Rxb8 28. Rxb8+ Kf7 29. Rb7+ Ke8 30. Bd6 Bc4 31. a3 f5 32. Rxh7 Nf6 33. Re7+
Kd8 34. Rg7 Ke8 35. Rxg6 Kf7 36. Rg3 Nd5 37. h4 Ke6 38. Bb4 f4 39. Rg6+ Kf7 40.
Rc6 Bd3 41. h5 f3 42. Bc5 Nf4 43. Be3 Nxh5 44. Kh2 Nf6 45. Kg3 Nd5 46. Rh6 Nxe3
47. fxe3 Ke7 48. Rh2 Kd6 49. Kf4 Kd5 50. Kg3 Kc4 51. Rh5 Kb3 52. Ra5 Kc3 53. Kf2
Kd2 54. Ra4 Kc3 55. Ra5 Kb3 56. Kg3 Bb5 57. Kf2 Kc3 58. a4 Kb4 59. axb5 Kxa5 60.
bxa6 Kxa6 0-1

[Event "Titled Tue 26th Aug Late"]
[Site "chess.com INT"]
[Date "2025.08.26"]
[Round "7"]
[White "Hua, Lefong"]
[Black "Pereyra, Horacio"]
[Result "1-0"]
[WhiteTitle "FM"]
[WhiteElo "2305"]
[BlackElo "2133"]
[WhiteFideId "2602253"]
[BlackFideId "113700"]
[EventDate "2025.08.26"]

1. d4 e6 2. c4 Bb4+ 3. Nc3 Bxc3+ 4. bxc3 f5 5. g3 Nf6 6. Bg2 O-O 7. Nf3 Qe7 8.
O-O d6 9. a4 Nbd7 10. a5 Rb8 11. Ba3 b6 12. axb6 axb6 13. Nd2 c5 14. e4 fxe4 15.
Nxe4 Nxe4 16. Bxe4 e5 17. Qe2 Nf6 18. Bg2 Bf5 19. Rfe1 Rbe8 20. h3 h5 21. Bc1
Qf7 22. d5 Qg6 23. Qb2 Rb8 24. Ra6 Be4 25. Rxb6 Rxb6 26. Qxb6 Bxg2 27. Kxg2 Ne4
28. Be3 h4 29. g4 Qf6 30. Qb2 Qf3+ 31. Kh2 Nxf2 32. Qxf2 Qxf2+ 33. Bxf2 Rxf2+
34. Kg1 Rf3 35. Kg2 Rg3+ 36. Kh2 Rxc3 37. Rb1 Rxc4 38. Rb6 Rc2+ 39. Kg1 c4 40.
Rxd6 c3 41. Rc6 Kf7 42. Kf1 e4 43. Ke1 Ke7 44. Kd1 Rd2+ 45. Ke1 Rxd5 46. Rxc3
Ke6 47. Ke2 Ke5 48. Rc7 g5 49. Rf7 Kd4 50. Rf8 Rd6 51. Rf5 Ra6 52. Rxg5 Ra2+ 53.
Kd1 e3 54. Rg8 e2+ 55. Ke1 Ke3 56. Re8+ Kf3 57. Rf8+ Kg3 58. g5 Kxh3 59. g6 Ra6
60. g7 Rg6 61. g8=Q Rxg8 62. Rxg8 Kh2 63. Kxe2 h3 64. Kf3 Kh1 65. Rh8 h2 66. Kg3
Kg1 67. Rxh2 1-0

[Event "Titled Tue 26th Aug Late"]
[Site "chess.com INT"]
[Date "2025.08.26"]
[Round "7"]
[White "Winter Atwell, Adrian"]
[Black "Dylag, Emilia"]
[Result "0-1"]
[WhiteTitle "FM"]
[BlackTitle "WFM"]
[WhiteElo "2090"]
[BlackElo "2078"]
[WhiteFideId "7700750"]
[BlackFideId "21805172"]
[EventDate "2025.08.26"]

1. e4 c5 2. Nf3 d5 3. d4 dxe4 4. Ng5 Nf6 5. Bb5+ Bd7 6. Bc4 e6 7. dxc5 Bxc5 8.
O-O h6 9. Nh3 O-O 10. Nc3 e5 11. Qe2 Bf5 12. Be3 Nbd7 13. Nd5 Rc8 14. Bb3 Nxd5
15. Bxd5 Bxh3 16. gxh3 Nf6 17. Bb3 Qd7 18. Kg2 a6 19. Rad1 Qe7 20. Kh1 Rc6 21.
Rg1 Kh8 22. Bd5 Rb6 23. b3 Nxd5 24. Rxd5 Bxe3 25. Qxe3 Rf6 26. Qxe4 Rxf2 27.
Rxe5 Qc7 28. Rg2 Rf1+ 29. Rg1 Rf2 30. Rg2 Rf6 31. Qe2 Rd8 32. Rg1 Kh7 33. Re3
Rfd6 34. Qg2 g6 35. Rf3 Rd2 36. Rf2 Rxf2 37. Qxf2 Qc6+ 38. Qg2 Qc5 39. Qf3 Qc7
40. Rf1 Rd7 41. c4 Qc6 42. Qxc6 bxc6 43. Rf6 Rc7 44. Kg2 Kg7 45. Rd6 f6 46. Kf3
g5 47. Kg4 Kg6 48. Kg3 h5 49. h4 a5 50. hxg5 Kxg5 51. h4+ Kf5 52. Kf3 Ke5 53.
Rd8 Ra7 54. Rh8 f5 55. Rxh5 a4 56. b4 Rb7 57. a3 c5 58. b5 Rd7 59. b6 Rb7 60.
Rh6 Kd4 61. Rf6 Kxc4 62. h5 Kb3 63. h6 c4 64. Rc6 c3 65. Kf4 c2 66. Kxf5 Kb2 67.
h7 Rxh7 68. Rc7 Rxc7 69. bxc7 c1=Q 70. c8=Q Qxc8+ 71. Ke5 Kxa3 72. Kd6 Kb3 73.
Ke7 a3 74. Kd6 a2 75. Ke7 a1=Q 76. Kd6 Qd1+ 77. Ke7 Qcc2 0-1

[Event "Titled Tue 26th Aug Late"]
[Site "chess.com INT"]
[Date "2025.08.26"]
[Round "7"]
[White "Sarana, Alexey"]
[Black "Ibarra Jerez, Jose Carlos"]
[Result "1/2-1/2"]
[WhiteTitle "GM"]
[BlackTitle "GM"]
[WhiteElo "2691"]
[BlackElo "2545"]
[WhiteFideId "24133795"]
[BlackFideId "2226332"]
[EventDate "2025.08.26"]

1. d4 d5 2. c4 e6 3. Nc3 a6 4. cxd5 exd5 5. Qb3 c5 6. e4 Nc6 7. Nf3 cxd4 8. Nxd5
Nf6 9. Bc4 Na5 10. Nxf6+ Qxf6 11. Qa4+ b5 12. Qxa5 bxc4 13. O-O Bb7 14. Bg5 Qd6
15. Qa4+ Bc6 16. Qxc4 Bb5 17. Qb3 Bxf1 18. Rxf1 Be7 19. Qb7 Rd8 20. Bxe7 Qxe7
21. Qxa6 O-O 22. Qd3 Qb4 23. Rb1 Rfe8 24. Nd2 Rc8 25. a3 Qc5 26. Kf1 Qc2 27.
Qxc2 Rxc2 28. Ke2 Rb8 29. b3 Ra2 30. a4 d3+ 31. Ke3 Rc8 32. h4 Rcc2 33. Rd1 Rc3
34. Kd4 Rc8 35. f3 h5 36. g3 f6 37. f4 Rd8+ 38. Ke3 Kf7 39. f5 g6 40. Rf1 Rc8
41. fxg6+ Kxg6 42. Rf2 Rd8 43. Rg2 f5 44. Rf2 fxe4 45. Kxe4 Rc2 46. Ke3 Rc7 47.
Rf4 Re7+ 48. Re4 Rxe4+ 49. Nxe4 Kf5 50. Nd2 Kg4 51. a5 Kxg3 52. b4 Rb8 53. Ne4+
Kxh4 54. Kxd3 Rxb4 55. Nc3 Rb3 56. Kc4 Rb8 57. Ne4 Kg4 58. Nf6+ Kg5 59. Nxh5
Kxh5 60. Kc5 Kg6 61. a6 Kf7 62. a7 Rh8 63. Kb6 Ke6 64. Kb7 Rh7+ 65. Kb6 Rh8 66.
Kb7 Rh7+ 67. Kb6 Rxa7 68. Kxa7 1/2-1/2

[Event "Titled Tue 26th Aug Late"]
[Site "chess.com INT"]
[Date "2025.08.26"]
[Round "7"]
[White "Donoso Aguirre, Maximiliano"]
[Black "Beulen, Marcel"]
[Result "0-1"]
[WhiteTitle "CM"]
[BlackTitle "FM"]
[WhiteElo "1978"]
[BlackElo "2359"]
[WhiteFideId "3458920"]
[BlackFideId "1001450"]
[EventDate "2025.08.26"]

1. e4 d5 2. exd5 Qxd5 3. Nc3 Qa5 4. d4 Nf6 5. Nf3 Bf5 6. Bc4 e6 7. O-O c6 8. Re1
Be7 9. Bf4 Nbd7 10. a3 O-O 11. Ne5 Nxe5 12. Bxe5 Rfe8 13. Qe2 a6 14. Bb3 Rad8
15. Rad1 h6 16. h3 Nd7 17. Bf4 Nf6 18. Qf3 Nd5 19. Ne4 Nxf4 20. Qxf4 Rxd4 21. c3
Rxd1 22. Rxd1 Rd8 23. Rxd8+ Qxd8 24. Ng3 Bg6 25. Qe3 c5 26. Kh2 Bd6 27. Bc4 Qc7
28. Be2 Bxg3+ 29. fxg3 Qd6 30. Bf3 b6 31. h4 h5 32. Qe2 b5 33. Bxh5 Bxh5 34.
Qxh5 Qd5 35. Qe2 e5 36. Qe3 f6 37. g4 Kf7 38. g5 e4 39. gxf6 Qe5+ 40. g3 Kxf6
41. Qf2+ Ke6 42. Qe3 g6 43. Kg2 Kd5 44. b3 a5 45. b4 axb4 46. axb4 cxb4 47. cxb4
Kc4 48. g4 Kxb4 49. Qd2+ Kc4 50. Qc2+ Kd5 51. Qb3+ Kc6 52. Qc2+ Kb6 53. Qf2+ e3
54. Qe2 b4 55. Kf3 b3 56. Qd3 b2 57. Qxg6+ Kc5 58. Qc2+ Kb4 59. h5 e2 60. Qd2+
Kb3 61. Qd3+ Qc3 0-1

[Event "Titled Tue 26th Aug Late"]
[Site "chess.com INT"]
[Date "2025.08.26"]
[Round "7"]
[White "Poleg, Matan"]
[Black "Perelygin, Mikhail"]
[Result "1/2-1/2"]
[WhiteTitle "FM"]
[BlackTitle "CM"]
[WhiteElo "2277"]
[BlackElo "2227"]
[WhiteFideId "2811472"]
[BlackFideId "24153630"]
[EventDate "2025.08.26"]

1. d4 Nf6 2. c4 e6 3. Nf3 Bb4+ 4. Nbd2 b6 5. a3 Bxd2+ 6. Qxd2 Bb7 7. e3 Ne4 8.
Qc2 f5 9. b3 d6 10. Nd2 Nd7 11. Nxe4 Bxe4 12. Bd3 Bxd3 13. Qxd3 O-O 14. e4 Qh4
15. exf5 Rxf5 16. Be3 Raf8 17. O-O-O a5 18. h3 e5 19. g3 Qf6 20. Rhe1 Rf3 21.
Kb1 exd4 22. Qxd4 Nc5 23. Qxf6 R8xf6 24. Kc2 h5 25. h4 Ne4 26. Bd4 Nxf2 27. Bxf6
Nxd1 28. Bd4 c5 29. Rxd1 cxd4 30. Rxd4 Rf6 31. Rd5 g6 32. b4 axb4 33. axb4 Kf7
34. Kb3 Rf3+ 35. Ka4 Rxg3 36. Rxd6 Rg4 37. Kb5 Rxh4 38. Rxb6 g5 39. c5 Rh1 40.
Rd6 Rc1 41. c6 g4 42. Rd5 h4 43. Rc5 Rxc5+ 44. bxc5 g3 45. c7 g2 46. c8=Q g1=Q
47. Qf5+ Ke7 48. Qh7+ Kd8 49. Qxh4+ Kc8 50. Qh3+ Kc7 51. Qh7+ Kc8 52. Qf5+ Kc7
53. Qe5+ Kc8 54. Qf5+ Kc7 55. Qf7+ Kc8 56. Qe6+ Kc7 57. Qc6+ Kb8 58. Kb6 Qb1+
59. Ka6 Qa2+ 60. Kb5 Qb3+ 61. Ka5 Qa3+ 62. Kb6 Qb4+ 63. Qb5 Qxb5+ 64. Kxb5 Kb7
65. Kb4 Kc6 66. Kc4 Kc7 67. c6 Kxc6 1/2-1/2

[Event "Titled Tue 26th Aug Late"]
[Site "chess.com INT"]
[Date "2025.08.26"]
[Round "7"]
[White "Brilej, Jaka"]
[Black "Manukian, Artak"]
[Result "1-0"]
[WhiteTitle "FM"]
[WhiteElo "2334"]
[BlackElo "2104"]
[WhiteFideId "14618818"]
[BlackFideId "13301373"]
[EventDate "2025.08.26"]

1. c4 c6 2. Nf3 d5 3. g3 dxc4 4. Bg2 Nd7 5. O-O Ngf6 6. Na3 Nb6 7. Qc2 e6 8.
Nxc4 Nxc4 9. Qxc4 Qd5 10. Qc2 Qf5 11. d3 h6 12. Rb1 Be7 13. b4 O-O 14. a4 a5 15.
b5 c5 16. h3 Nd7 17. Bb2 Bf6 18. e4 Qg6 19. e5 Be7 20. Nd2 Nb6 21. Nc4 Nd5 22.
Qe2 h5 23. Ne3 Nb4 24. Be4 Qh6 25. Nc4 h4 26. Bc1 Qh8 27. g4 Rd8 28. f4 Nd5 29.
Bb2 b6 30. Qf3 Bb7 31. Rfd1 g6 32. Nd6 Bxd6 33. exd6 Qh6 34. g5 Qf8 35. Be5 Rxd6
36. Bxd6 Qxd6 37. Rbc1 Rd8 38. d4 Ba8 39. dxc5 bxc5 40. Bxd5 Bxd5 41. Qe3 Rc8
42. Qe5 Qb6 43. Kf2 c4+ 44. Qd4 Qb8 45. Rc3 Qd6 46. Re1 Qb4 47. b6 Rb8 48. f5
gxf5 49. g6 Qxb6 50. gxf7+ Kxf7 51. Ke3 e5 52. Qxb6 Rxb6 53. Rd1 Ke6 54. Rg1 f4+
55. Kf2 Kf5 56. Rc2 e4 57. Rd1 e3+ 58. Ke1 Be4 59. Rxc4 f3 60. Rc5+ Kf4 61. Rdc1
f2+ 62. Kf1 Bd3+ 63. Kg2 Rg6+ 64. Kh2 f1=Q 65. Rxf1+ Bxf1 66. Rf5+ Ke4 67. Rxf1
e2 68. Rf8 Re6 69. Rf2 e1=Q 70. Rf4+ 1-0

[Event "Titled Tue 26th Aug Late"]
[Site "chess.com INT"]
[Date "2025.08.26"]
[Round "7"]
[White "Rosen, Eric"]
[Black "Sheehan, Ethan"]
[Result "0-1"]
[WhiteTitle "IM"]
[WhiteElo "2377"]
[BlackElo "2323"]
[WhiteFideId "2032562"]
[BlackFideId "30943965"]
[EventDate "2025.08.26"]

1. d4 d5 2. Bf4 Nf6 3. Nf3 c5 4. e3 Nc6 5. Nbd2 cxd4 6. exd4 Bg4 7. c3 e6 8. Bd3
Bd6 9. Bxd6 Qxd6 10. O-O O-O 11. Qe1 Nd7 12. Nh4 e5 13. dxe5 Ndxe5 14. Bf5 Rfe8
15. Qb1 Qh6 16. Bxg4 Nxg4 17. Ndf3 g6 18. Qc1 Qxc1 19. Raxc1 Re2 20. Rb1 Rd8 21.
h3 Nf6 22. Rfe1 Rxe1+ 23. Rxe1 Ne4 24. Rd1 f5 25. Nd4 Nxd4 26. Rxd4 Kf7 27. Nf3
Ke6 28. Kf1 h6 29. Rd1 Nd6 30. Nd4+ Kf6 31. f3 Nc4 32. Kf2 Nxb2 33. Rb1 Nd3+ 34.
Kg3 Nc5 35. Re1 Rd6 36. h4 Ra6 37. Re2 Ne6 38. Rb2 f4+ 39. Kg4 h5+ 40. Kh3 Nxd4
41. cxd4 b6 42. g3 Ra3 43. Rd2 Rxf3 44. Rc2 Rxg3+ 45. Kh2 Rd3 46. Rc7 Kf5 47.
Rxa7 Rxd4 48. Rb7 Kg4 49. Rxb6 Rd2+ 50. Kg1 Kxh4 51. Rxg6 Rxa2 52. Rd6 Rd2 53.
Kf1 f3 54. Rf6 Kg3 55. Rg6+ Kf4 56. Re6 h4 57. Rf6+ Ke3 58. Re6+ Kd3 59. Rf6 f2
60. Rh6 d4 61. Rxh4 Kc2 62. Rh8 Kd3 63. Rh3+ Ke4 64. Rh4+ Kd5 65. Rh8 Ra2 66.
Rd8+ Ke4 67. Re8+ Kd3 68. Rh8 Kd2 69. Kxf2 d3 70. Kf3 Ra7 71. Rh2+ Kc1 72. Ke3
d2 73. Ke2 d1=Q+ 74. Kf2 Ra2+ 75. Kg3 Qg1+ 76. Rg2 Rxg2+ 77. Kh3 Rh2# 0-1

[Event "Titled Tue 26th Aug Late"]
[Site "chess.com INT"]
[Date "2025.08.26"]
[Round "7"]
[White "Bardyk, Artem"]
[Black "Gubajdullin, Alexei"]
[Result "1-0"]
[WhiteTitle "FM"]
[BlackTitle "FM"]
[WhiteElo "2332"]
[BlackElo "2228"]
[WhiteFideId "34349979"]
[BlackFideId "4141202"]
[EventDate "2025.08.26"]

1. e4 c5 2. d4 cxd4 3. Qxd4 Nc6 4. Qd3 g6 5. Nc3 Bg7 6. Nf3 d6 7. Be2 Nf6 8. O-O
Bg4 9. Nd5 O-O 10. c3 Nd7 11. Bg5 h6 12. Bh4 g5 13. Bg3 Bh5 14. Rad1 Bg6 15. Qe3
a5 16. h4 e6 17. Bxd6 exd5 18. Bxf8 Qxf8 19. hxg5 Bxe4 20. Bd3 Nc5 21. Bxe4 dxe4
22. Nd4 hxg5 23. Nf5 Bf6 24. Rd6 Ne6 25. Qxe4 Ne7 26. Nxe7+ Qxe7 27. Rfd1 Re8
28. Rd7 Qf8 29. Qf5 Kg7 30. Rxb7 Nf4 31. g3 Re5 32. Qg4 Ne6 33. Rdd7 Nd8 34. Rb8
Qe8 35. Rd3 Re1+ 36. Kg2 Qc6+ 37. Qf3 Qc7 38. Rb5 Ne6 39. Rf5 Qe7 40. Re3 Rxe3
41. Qxe3 Qd8 42. Qf3 Kg6 43. Qd5 Qc7 44. Qe4 Qd6 45. Qf3 Qe7 46. Qe4 Kg7 47.
Rxa5 Nf4+ 48. Kf3 Qc7 49. gxf4 Qxa5 50. fxg5 Qxg5 51. a4 Qh5+ 52. Qg4+ Qxg4+ 53.
Kxg4 Bd8 54. b4 Kf6 55. a5 Ke5 56. a6 Bb6 57. c4 Ba7 58. Kg5 Kd4 59. c5 Kd5 60.
Kf6 Kc6 61. Kxf7 Bb8 62. Ke6 Kb5 63. Kd7 Kxa6 64. c6 1-0

[Event "Titled Tue 26th Aug Late"]
[Site "chess.com INT"]
[Date "2025.08.26"]
[Round "7"]
[White "Zampronha, Wladimir Camilo"]
[Black "Subervi, Jonathan Sigfredo"]
[Result "1/2-1/2"]
[BlackTitle "FM"]
[WhiteElo "2157"]
[BlackElo "2007"]
[WhiteFideId "2103087"]
[BlackFideId "6400345"]
[EventDate "2025.08.26"]

1. e4 e6 2. d4 d5 3. Nc3 Bb4 4. e5 c5 5. a3 Bxc3+ 6. bxc3 Qc7 7. Qg4 f5 8. Qg3
Ne7 9. Bd2 O-O 10. Nf3 Nbc6 11. Bd3 Bd7 12. a4 Nd8 13. h4 Nf7 14. h5 h6 15. Nh4
c4 16. Be2 a5 17. Ng6 Rfe8 18. Qh4 Qd8 19. g4 fxg4 20. Bxg4 Nf5 21. Qh3 Ng5 22.
Qg2 Ne4 23. Rg1 Nxd2 24. Kxd2 Qg5+ 25. f4 Qd8 26. Bxf5 exf5 27. Nh4 Qe7 28. Nf3
Qf7 29. Qg6 Qxg6 30. Rxg6 Re6 31. Rxe6 Bxe6 32. Rb1 Rb8 33. Rb6 Bf7 34. e6 Bxh5
35. Ne5 Be8 36. Nd7 h5 37. Ke3 Bxd7 38. exd7 Rd8 39. Rxb7 Kf7 40. Kf3 Ke7 41.
Rb5 Rxd7 42. Rxa5 Kf6 43. Ra6+ Kf7 44. a5 Re7 45. Rd6 Re1 46. Rxd5 g6 47. Rc5
Ra1 48. d5 Ke7 49. Rxc4 Kd6 50. Rc6+ Kxd5 51. Rxg6 Rxa5 52. Rg5 Ke6 53. Rxh5 Rc5
54. Rh6+ Kd5 55. Rf6 Rxc3+ 56. Ke2 Ke4 57. Kd1 Kxf4 58. Kd2 Rh3 59. Rf8 Ke4 60.
Re8+ Kf3 61. Kd3 f4 62. Kd4 Kg2 63. c4 f3 64. Rg8+ Rg3 65. Rf8 f2 66. Rxf2+ Kxf2
67. c5 Rg5 68. c6 Kf3 69. c7 Rg8 70. Kd5 Kf4 71. Kd6 Kf5 72. Kd7 Rg7+ 73. Kd8
Rg8+ 74. Kd7 Kf6 75. c8=Q Rxc8 76. Kxc8 1/2-1/2